000 00719nam a22002057a 4500
999 _c4332
_d4332
003 AR-CdUCM
008 190308b ||||| |||| 00| 0 spa d
020 _a9872236402
040 _aMUNICIPALIDAD PROVINCIAL DEL CUSCO
_cBIBLIOTECA MUNICIPAL DEL CUSCO
082 _a779.982 /
_bM1
110 _aMunicipal de Turismo de Mar del Plata
_913688
245 _aMar del Plata :
_bBuenos Aires - Argentina /
260 _aMar del Plata :
_bMunicipal de Turismo de Mar del Plata,
_c2005.
300 _a146 páginas ;
_c30 cm.
650 _aPaisajes de Mar del Plata - Fotografías
_913689
650 _aFotografías - Argentina
_913690
650 _aMar del Plata - Turismo
_913691
942 _2ddc
_cLIBROS
945 _alccs